[Event "CZE-chT 0607"]
[Site "Czech Republic"]
[Date "2006.12.01"]
[Round "7.5"]
[White "Zawadzki, Stanislaw"]
[Black "Kubala, Martin"]
[Result "1-0"]
[WhiteElo "2404"]
[BlackElo "2405"]
[PlyCount "67"]
[EventDate "2006.12.01"]
[EventType "team"]
[EventRounds "11"]
[EventCountry "CZE"]
[SourceTitle "CBM 115 Extra"]
[Source "ChessBase"]
[SourceDate "2007.01.10"]
[SourceVersion "1"]
[SourceVersionDate "2007.01.10"]
[SourceQuality "1"]
[WhiteTeam "Grygov"]
[BlackTeam "Frydek Mistek"]
[WhiteTeamCountry "CZE"]
[BlackTeamCountry "CZE"]

1. e4 e6 2. d4 d5 3. Nc3 Bb4 4. e5 c5 5. a3 Bxc3+ 6. bxc3 Ne7 7. Nf3 Nbc6 8. Be2 Qc7 9. 0-0 Bd7 10. Bf4 Na5 11. Bd3 h6 12. h4 Nc4 13. Qb1 Ba4 14. h5 0-0-0 15. dxc5 g5 16. hxg6 Nxg6 17. Bxg6 fxg6 18. Nd4 Bd7 19. Qd1 g5 20. Bh2 h5 21. Qe2 Qxc5 22. a4 Rdg8 23. Kh1 g4 24. f4 g3 25. Bg1 Qe7 26. Nf3 Rg4 27. Bd4 Rxf4 28. Ng1 Re4 29. Qd3 Rg8 30. Rf6 Rxe5 31. Rg6 Rxg6 32. Qxg6 Rg5 33. Qh6 a5 34. Bf6 1-0

[Event "CZE-chT 0607"]
[Site "Czech Republic"]
[Date "2006.11.05"]
[Round "2.5"]
[White "Pilar, Miloslav"]
[Black "Kubala, Martin"]
[Result "0-1"]
[WhiteElo "2273"]
[BlackElo "2405"]
[PlyCount "132"]
[EventDate "2006.12.01"]
[EventType "team"]
[EventRounds "11"]
[EventCountry "CZE"]
[SourceTitle "EXT 2007"]
[Source "ChessBase"]
[SourceDate "2006.11.23"]
[SourceVersion "1"]
[SourceVersionDate "2006.11.23"]
[SourceQuality "1"]
[WhiteTeam "Vysehrad"]
[BlackTeam "Frydek Mistek"]
[WhiteTeamCountry "CZE"]
[BlackTeamCountry "CZE"]

1. d4 e6 2. e4 d5 3. exd5 exd5 4. Bd3 Bd6 5. Ne2 Nf6 6. 0-0 0-0 7. Bf4 Re8 8. Qd2 Nc6 9. c3 Bg4 10. f3 Bh5 11. Ng3 Bg6 12. Bxg6 hxg6 13. Bxd6 Qxd6 14. Na3 Nd8 15. Rae1 Ne6 16. Nc2 Nf4 17. Rxe8+ Rxe8 18. Re1 Ne6 19. Nb4 b6 20. Nc2 c5 21. dxc5 bxc5 22. Rd1 Qa6 23. Ra1 Qb6 24. b3 d4 25. Kh1 Rd8 26. cxd4 cxd4 27. Na3 g5 28. Nc4 Qc7 29. Re1 g4 30. Ne4 Nxe4 31. fxe4 g3 32. e5 gxh2 33. Kxh2 Rd5 34. Kg1 Qe7 35. Rf1 Qh4 36. Qf2 Qxf2+ 37. Kxf2 f6 38. Re1 Kf7 39. Kf3 Nc5 40. exf6 gxf6 41. b4 Na4 42. Rh1 Kg6 43. a3 Nc3 44. g4 f5 45. Re1 Kf6 46. gxf5 Rxf5+ 47. Kg2 d3 48. Nd2 Re5 49. Rc1 Re2+ 50. Kf3 Nd5 51. Ne4+ Ke5 52. Nc5 Re3+ 53. Kf2 Rh3 54. Re1+ Kd4 55. Re4+ Kc3 56. Re5 Nf6 57. Na4+ Kb3 58. Nc5+ Kc2 59. Nxd3 Ng4+ 60. Kg2 Rxd3 61. Ra5 Ne3+ 62. Kf2 Nd1+ 63. Ke2 Nc3+ 64. Kf2 Rd7 65. Ra6 Kb3 66. Ke3 Na4 0-1

[Event "Pardubice op-A"]
[Site "Pardubice"]
[Date "2006.07.26"]
[Round "6"]
[White "Jaracz, Pawel"]
[Black "Kubala, Martin"]
[Result "1/2-1/2"]
[WhiteElo "2485"]
[BlackElo "2405"]
[PlyCount "100"]
[EventDate "2006.07.21"]
[EventType "swiss"]
[EventRounds "9"]
[EventCountry "CZE"]
[SourceTitle "CBM 113 Extra"]
[Source "ChessBase"]
[SourceDate "2006.09.14"]
[SourceVersion "1"]
[SourceVersionDate "2006.09.14"]
[SourceQuality "1"]

1. Nf3 Nf6 2. d4 e6 3. c4 Bb4+ 4. Bd2 Bxd2+ 5. Qxd2 b6 6. Nc3 Bb7 7. d5 c6 8. e4 cxd5 9. exd5 0-0 10. Be2 exd5 11. cxd5 d6 12. 0-0 Na6 13. Nd4 Nc7 14. Bf3 Qd7 15. Nc2 Rac8 16. Ne3 Rfe8 17. a4 Ba8 18. Qd4 Re5 19. Rfc1 Rb8 20. a5 bxa5 21. Qxa7 Rd8 22. Rxa5 g5 23. Ne4 Nce8 24. Nxf6+ Nxf6 25. Qxd7 Nxd7 26. Nc4 Re7 27. Rca1 Bb7 28. h4 Ne5 29. Nxe5 dxe5 30. hxg5 e4 31. Be2 Bxd5 32. Rd1 Red7 33. b4 Kg7 34. Bb5 Rd6 35. Ra6 Rxa6 36. Bxa6 Ra8 37. b5 Bc4 38. Rd4 Bd3 39. Kh2 Re8 40. Kg3 Re5 41. Kf4 Rc5 42. Ra4 Rc2 43. f3 Rxg2 44. fxe4 Rb2 45. b6 Bc2 46. Ra1 Rxb6 47. Bc4 Rb7 48. Bd5 Re7 49. Ke3 h6 50. Ra2 Bd1 1/2-1/2

[Event "Pardubice op-A"]
[Site "Pardubice"]
[Date "2006.07.22"]
[Round "2"]
[White "Marciniak, Alexandre"]
[Black "Kubala, Martin"]
[Result "0-1"]
[WhiteElo "2215"]
[BlackElo "2405"]
[PlyCount "58"]
[EventDate "2006.07.21"]
[EventType "swiss"]
[EventRounds "9"]
[EventCountry "CZE"]
[SourceTitle "CBM 113 Extra"]
[Source "ChessBase"]
[SourceDate "2006.09.14"]
[SourceVersion "1"]
[SourceVersionDate "2006.09.14"]
[SourceQuality "1"]

1. e4 e6 2. d4 d5 3. Nd2 Be7 4. Ngf3 Nf6 5. e5 Nfd7 6. Bd3 c5 7. c3 Nc6 8. 0-0 cxd4 9. cxd4 Qb6 10. Re1 h6 11. Nb1 Nxd4 12. Nxd4 Qxd4 13. Nc3 a6 14. Be3 Qxe5 15. Bc5 Qg5 16. Bxe7 Qxe7 17. Nxd5 Qc5 18. Be4 exd5 19. Bxd5+ Kd8 20. Rc1 Qd6 21. Qf3 Re8 22. Red1 Qf6 23. Qg3 Re5 24. Bxf7 b5 25. Bd5 Ra7 26. Qc3 Nb6 27. Bb7+ Bd7 28. Qc7+ Ke7 29. Rc6 Rxb7 0-1

[Event "CZE-chT1 East 0506"]
[Site "Czech Republic"]
[Date "2006.01.21"]
[Round "8.2"]
[White "Ramik, Zdenek"]
[Black "Kubala, Martin"]
[Result "0-1"]
[WhiteElo "2307"]
[BlackElo "2390"]
[PlyCount "87"]
[EventDate "2005.10.23"]
[EventType "team"]
[EventRounds "11"]
[EventCountry "CZE"]
[SourceTitle "EXT 2008"]
[Source "ChessBase"]
[SourceDate "2007.11.25"]
[SourceVersion "1"]
[SourceVersionDate "2007.11.25"]
[SourceQuality "1"]

1. e4 e6 2. d4 d5 3. Nd2 Be7 4. Ngf3 Nf6 5. e5 Nfd7 6. Bd3 c5 7. 0-0 cxd4 8. Re1 Nc6 9. Nb3 Qc7 10. Nbxd4 a6 11. Bf4 Nc5 12. Re2 Bd7 13. Qd2 h6 14. Nf5 Bf8 15. Nd6+ Bxd6 16. exd6 Qa5 17. Qe3 Nxd3 18. cxd3 f6 19. Nd4 Nxd4 20. Qxd4 0-0 21. Bd2 Qb5 22. Rc1 e5 23. Qb4 Rac8 24. Qxb5 Rxc1+ 25. Bxc1 Bxb5 26. b3 Rc8 27. Ba3 Bxd3 28. Rd2 e4 29. f3 Kf7 30. Kf2 Ke6 31. Ke3 g5 32. g3 a5 33. Kd4 b6 34. Rf2 a4 35. Bb4 f5 36. f4 g4 37. Rb2 axb3 38. axb3 Ra8 39. Rd2 Ra1 40. Rb2 Bb5 41. Rc2 Rd1+ 42. Rd2 Rb1 43. Kc3 e3 44. Rb2 0-1

[Event "CZE-chT1 East 0506"]
[Site "Czech Republic"]
[Date "2005.12.11"]
[Round "4.2"]
[White "Kubala, Martin"]
[Black "Frolik, Martin"]
[Result "1-0"]
[WhiteElo "2390"]
[BlackElo "2312"]
[PlyCount "95"]
[EventDate "2005.10.23"]
[EventType "team"]
[EventRounds "11"]
[EventCountry "CZE"]
[SourceTitle "EXT 2008"]
[Source "ChessBase"]
[SourceDate "2007.11.25"]
[SourceVersion "1"]
[SourceVersionDate "2007.11.25"]
[SourceQuality "1"]

1. d4 d5 2. Bg5 c6 3. e3 Bf5 4. Bd3 Bxd3 5. Qxd3 Qb6 6. Nd2 Nd7 7. Ngf3 Ngf6 8. 0-0-0 e6 9. e4 h6 10. Bxf6 Nxf6 11. exd5 cxd5 12. Ne5 Be7 13. f4 0-0 14. g4 Rad8 15. g5 hxg5 16. fxg5 Ne4 17. Nxe4 dxe4 18. Qe3 Rd5 19. Qxe4 Bxg5+ 20. Kb1 Bf6 21. c4 Rdd8 22. Rhf1 Bxe5 23. Qxe5 Qd6 24. Qxd6 Rxd6 25. Kc2 g6 26. Rf3 Kg7 27. Rb3 b6 28. c5 bxc5 29. dxc5 Rc6 30. Rc3 Rh8 31. b4 Rxh2+ 32. Kb3 Rh5 33. Rdc1 Rd5 34. b5 Rc8 35. a4 g5 36. Kb4 g4 37. b6 axb6 38. cxb6 Rd4+ 39. Kb5 Rd5+ 40. Kb4 Rd4+ 41. Kb3 Rb8 42. a5 Kg6 43. Rc8 Rb7 44. R1c7 Rd7 45. Rxd7 Rxd7 46. a6 Rd6 47. b7 Rb6+ 48. Kc4 1-0

[Event "CZE-chT1 East 0506"]
[Site "Czech Republic"]
[Date "2005.11.27"]
[Round "3.3"]
[White "Kubala, Martin"]
[Black "Vesselovsky, Serguei"]
[Result "0-1"]
[WhiteElo "2390"]
[BlackElo "2409"]
[PlyCount "56"]
[EventDate "2005.10.23"]
[EventType "team"]
[EventRounds "11"]
[EventCountry "CZE"]
[SourceTitle "EXT 2008"]
[Source "ChessBase"]
[SourceDate "2007.11.25"]
[SourceVersion "1"]
[SourceVersionDate "2007.11.25"]
[SourceQuality "1"]

1. d4 c5 2. d5 e5 3. c4 d6 4. e4 Nd7 5. Nc3 g6 6. Bd3 Bg7 7. Be3 Ne7 8. g4 f5 9. gxf5 0-0 10. Nge2 gxf5 11. exf5 e4 12. Bxe4 Nxf5 13. Bf4 Ne5 14. Qc2 Qh4 15. Bg3 Qh6 16. b3 Nd4 17. Nxd4 cxd4 18. Nb5 d3 19. Qd2 Qh5 20. 0-0 Nf3+ 21. Bxf3 Qxf3 22. Qg5 Bh3 23. Bxd6 Rf6 24. Nd4 Qe4 25. Rae1 Qg6 26. Re5 Rxd6 27. Rfe1 Bxe5 28. Rxe5 d2 0-1

[Event "Pardubice Czech op"]
[Site "Pardubice"]
[Date "2002.07.23"]
[Round "5"]
[White "Kubala, Martin"]
[Black "Barua, Dibyendu"]
[Result "1/2-1/2"]
[WhiteElo "2354"]
[BlackElo "2542"]
[PlyCount "90"]
[EventDate "2002.07.19"]
[EventType "swiss"]
[EventRounds "9"]
[EventCountry "CZE"]
[SourceTitle "CBM 089 Extra"]
[Source "ChessBase"]
[SourceDate "2002.09.10"]
[SourceVersion "2"]
[SourceVersionDate "2002.09.10"]
[SourceQuality "1"]

1. d4 d5 2. c4 e6 3. Nc3 c6 4. e3 Nf6 5. Nf3 Nbd7 6. Bd3 Bd6 7. 0-0 0-0 8. e4 dxc4 9. Bxc4 e5 10. h3 Qe7 11. d5 Nc5 12. dxc6 bxc6 13. Qe2 Ne6 14. Rd1 Bc7 15. Bxe6 Bxe6 16. Bg5 h6 17. Bxf6 Qxf6 18. Na4 Rad8 19. b3 Bc8 20. Qe3 a5 21. Rac1 Rxd1+ 22. Rxd1 Rd8 23. Rxd8+ Qxd8 24. Qd2 Qe7 25. Qc3 Qd6 26. Qc5 Qxc5 27. Nxc5 Kf8 28. Nd2 Ke7 29. Nc4 g6 30. Kf1 f5 31. f3 Bd6 32. Nd3 Ba6 33. Ke2 fxe4 34. fxe4 a4 35. Kd2 axb3 36. axb3 Bxc4 37. bxc4 Bc7 38. Ke2 Ke6 39. Kf3 Bb6 40. Kg4 Be3 41. Kf3 Bd4 42. Ke2 Kd6 43. Kd1 Ke6 44. Kc2 Kf6 45. Kb3 Ke6 1/2-1/2

[Event "Pardubice Czech op"]
[Site "Pardubice"]
[Date "2001.07.27"]
[Round "8"]
[White "Neuman, Petr"]
[Black "Kubala, Martin"]
[Result "1/2-1/2"]
[WhiteElo "2438"]
[BlackElo "2332"]
[PlyCount "128"]
[EventDate "2001.07.20"]
[EventType "swiss"]
[EventRounds "9"]
[EventCountry "CZE"]
[SourceTitle "CBM 083 Extra"]
[Source "ChessBase"]
[SourceDate "2001.09.11"]
[SourceVersion "1"]
[SourceVersionDate "2001.09.11"]
[SourceQuality "1"]

1. Nf3 Nf6 2. c4 e6 3. g3 a6 4. Bg2 b5 5. b3 c5 6. 0-0 Bb7 7. Nc3 Qb6 8. d3 d5 9. cxd5 Nxd5 10. Nxd5 Bxd5 11. Bb2 Nd7 12. Qd2 Bb7 13. Rfc1 f6 14. a4 Be7 15. axb5 axb5 16. Rxa8+ Bxa8 17. Ra1 Bb7 18. Qa5 Bd8 19. Qa7 Bc7 20. Nd2 Bxg2 21. Kxg2 Qc6+ 22. f3 Ke7 23. Ne4 Rb8 24. Qa2 f5 25. Nf2 g5 26. e4 h5 27. d4 g4 28. Qb1 gxf3+ 29. Kg1 h4 30. d5 exd5 31. exd5 Qd6 32. Qxf5 hxg3 33. Qg5+ Kf7 34. Qg7+ Ke8 35. Re1+ Kd8 36. Qg8+ Qf8 37. Qxf8+ Nxf8 38. hxg3 Bxg3 39. Re3 Kd7 40. Rxf3 Bxf2+ 41. Kxf2 Kd6 42. Rd3 Nd7 43. Ke2 Rg8 44. Bc1 Rg4 45. Be3 Rg2+ 46. Kf1 Rg4 47. Ke2 Ne5 48. Rc3 Re4 49. Kd1 Nd7 50. Rd3 Nf6 51. Rc3 c4 52. bxc4 bxc4 53. Ra3 Nxd5 54. Bd2 Rg4 55. Ra8 Kc5 56. Kc2 Rg2 57. Kc1 Kd4 58. Rd8 Rh2 59. Rd7 Kc5 60. Rd8 Ne7 61. Bc3 Nf5 62. Re8 Nd6 63. Re5+ Kc6 64. Re6 Kd7 1/2-1/2

[Event "Prague AKO op"]
[Site "Prague"]
[Date "2001.??.??"]
[Round "?"]
[White "Dittrich, Pavel"]
[Black "Kubala, Martin"]
[Result "0-1"]
[WhiteElo "2075"]
[BlackElo "2330"]
[PlyCount "65"]
[EventDate "2001.??.??"]
[EventType "swiss"]
[EventRounds "9"]
[EventCountry "CZE"]
[SourceTitle "EXT 2003"]
[Source "ChessBase"]
[SourceDate "2002.11.25"]
[SourceVersion "1"]
[SourceVersionDate "2002.11.25"]
[SourceQuality "1"]

1. e4 e6 2. d4 d5 3. Nd2 Be7 4. Ngf3 Nf6 5. Bd3 c5 6. c3 Nc6 7. 0-0 dxe4 8. Nxe4 cxd4 9. cxd4 Nb4 10. Qa4+ Bd7 11. Nxf6+ gxf6 12. Qb3 Nxd3 13. Qxd3 Bc6 14. Bf4 Qd5 15. Rfd1 h5 16. Rac1 h4 17. h3 Kd7 18. Qf1 Ke8 19. Qe2 a6 20. Ne1 Rg8 21. f3 Qf5 22. d5 Bxd5 23. Qe3 Rd8 24. Bc7 Rd7 25. Bb6 Bc6 26. Rxd7 Kxd7 27. Kh1 Bd6 28. Nd3 Rg3 29. Rd1 Rxf3 30. Nc5+ Ke7 31. Bd8+ Ke8 32. Qe2 Rxh3+ 33. Kg1 0-1

[Event "Prague AKO op"]
[Site "Prague"]
[Date "2001.??.??"]
[Round "?"]
[White "Jansa, Vaclav"]
[Black "Kubala, Martin"]
[Result "0-1"]
[WhiteElo "2080"]
[BlackElo "2330"]
[PlyCount "64"]
[EventDate "2001.??.??"]
[EventType "swiss"]
[EventRounds "9"]
[EventCountry "CZE"]
[SourceTitle "EXT 2003"]
[Source "ChessBase"]
[SourceDate "2002.11.25"]
[SourceVersion "1"]
[SourceVersionDate "2002.11.25"]
[SourceQuality "1"]

1. e4 e6 2. d4 d5 3. Nd2 Be7 4. e5 c5 5. c3 Nc6 6. Bd3 cxd4 7. cxd4 Nh6 8. Ne2 f6 9. Nf3 Nf7 10. exf6 gxf6 11. 0-0 e5 12. dxe5 fxe5 13. Bb5 Bg4 14. Qb3 a6 15. Bxc6+ bxc6 16. Re1 Qd6 17. Ng3 0-0 18. Qe3 Bf6 19. Rb1 c5 20. h3 Bd7 21. Nh5 Bh8 22. Ng3 e4 23. Nh4 Bd4 24. Qa3 Qf6 25. Be3 Qxh4 26. Bxd4 cxd4 27. Qc5 e3 28. Qxd5 exf2+ 29. Kxf2 Bc6 30. Qb3 Rab8 31. Qa3 Ne5+ 32. Kg1 Nf3+ 0-1

[Event "Prague AKO op"]
[Site "Prague"]
[Date "2001.??.??"]
[Round "?"]
[White "Vybiral, Zdenek"]
[Black "Kubala, Martin"]
[Result "1-0"]
[WhiteElo "2245"]
[BlackElo "2330"]
[PlyCount "93"]
[EventDate "2001.??.??"]
[EventType "swiss"]
[EventRounds "9"]
[EventCountry "CZE"]
[SourceTitle "EXT 2003"]
[Source "ChessBase"]
[SourceDate "2002.11.25"]
[SourceVersion "1"]
[SourceVersionDate "2002.11.25"]
[SourceQuality "1"]

1. d4 e6 2. c4 Nf6 3. Nf3 Bb4+ 4. Nbd2 b6 5. a3 Bxd2+ 6. Qxd2 Bb7 7. e3 d6 8. Bd3 Ne4 9. Qc2 f5 10. Nd2 Qh4 11. 0-0 Nd7 12. f3 Nxd2 13. Bxd2 0-0 14. e4 fxe4 15. fxe4 e5 16. c5 dxc5 17. Qc4+ Kh8 18. Qe6 Nf6 19. g3 Qh5 20. Rf5 Rae8 21. Qxf6 Qxf5 22. Qxf5 Rxf5 23. exf5 cxd4 24. Rc1 c5 25. b4 e4 26. Bb5 Re5 27. Bf4 Rxf5 28. Bd7 Rf7 29. bxc5 Rxd7 30. c6 Bxc6 31. Rxc6 h6 32. Rd6 Rxd6 33. Bxd6 Kg8 34. Be5 d3 35. Kf2 Kf7 36. Ke3 Ke6 37. Bxg7 h5 38. h3 Kd5 39. Bc3 a5 40. g4 hxg4 41. hxg4 a4 42. g5 b5 43. Kf4 Kc4 44. Bd2 Kb3 45. Kxe4 Kxa3 46. Kxd3 Kb3 47. g6 1-0

[Event "Pardubice KB op"]
[Site "Pardubice"]
[Date "2000.07.24"]
[Round "4"]
[White "Kubala, Martin"]
[Black "Groszpeter, Attila"]
[Result "0-1"]
[WhiteElo "2308"]
[BlackElo "2478"]
[PlyCount "120"]
[EventDate "2000.07.21"]
[EventType "swiss"]
[EventRounds "9"]
[EventCountry "CZE"]
[SourceTitle "EXT 2001"]
[Source "ChessBase"]
[SourceDate "2000.11.22"]
[SourceVersion "1"]
[SourceVersionDate "2000.11.22"]
[SourceQuality "1"]

1. d4 Nf6 2. c4 g6 3. Nc3 d5 4. cxd5 Nxd5 5. Na4 e5 6. dxe5 Bb4+ 7. Bd2 Qe7 8. a3 Bxd2+ 9. Qxd2 Nb6 10. Nxb6 axb6 11. e3 0-0 12. Nf3 Nc6 13. Be2 Nxe5 14. Nxe5 Qxe5 15. 0-0 Be6 16. Rac1 Rfd8 17. Qc2 c6 18. Rcd1 b5 19. e4 Qf6 20. g3 Rxd1 21. Rxd1 Rd8 22. Rxd8+ Qxd8 23. Qc3 f6 24. Kg2 Kf7 25. h4 Qd6 26. b4 Ke7 27. f4 Bf7 28. Kf3 Qe6 29. g4 h5 30. Qc5+ Ke8 31. f5 hxg4+ 32. Kf4 gxf5 33. Qxf5 Qd6+ 34. Ke3 Qg3+ 35. Kd2 Qxa3 36. Qc8+ Ke7 37. Qc7+ Kf8 38. Qd6+ Kg7 39. Bxg4 Qb2+ 40. Ke3 Qc1+ 41. Kf2 Qc2+ 42. Ke3 Qg2 43. Qd7 Qg3+ 44. Kd2 Qf4+ 45. Kd3 Qf1+ 46. Kd2 Qc4 47. Qe7 Qd4+ 48. Ke2 Kg8 49. Bf5 Bc4+ 50. Kf3 Qd1+ 51. Kf2 Qf1+ 52. Kg3 Qe1+ 53. Kf3 Be2+ 54. Ke3 Bd1+ 55. Kd3 Qe2+ 56. Kd4 Qf2+ 57. Kd3 Be2+ 58. Kd2 Bc4+ 59. Kc3 Qe3+ 60. Kc2 Bd3+ 0-1

[Event "Morava-chT 9900"]
[Site "Czech Republic"]
[Date "2000.??.??"]
[Round "10"]
[White "Meduna, Eduard"]
[Black "Kubala, Martin"]
[Result "0-1"]
[WhiteElo "2493"]
[BlackElo "2296"]
[PlyCount "94"]
[EventDate "1999.??.??"]
[EventType "team-tourn"]
[EventRounds "11"]
[EventCountry "CZE"]
[SourceTitle "EXT 2001"]
[Source "ChessBase"]
[SourceDate "2000.11.22"]
[SourceVersion "1"]
[SourceVersionDate "2000.11.22"]
[SourceQuality "1"]

1. d4 e6 2. Nf3 Nf6 3. Bg5 h6 4. Bh4 b6 5. e3 Bb7 6. c4 g5 7. Bg3 Ne4 8. Nc3 Bb4 9. Qc2 Bxc3+ 10. bxc3 d6 11. Bd3 Nxg3 12. hxg3 g4 13. Nh2 Bxg2 14. Rg1 Bh3 15. Be4 c6 16. Qa4 Qd7 17. Rb1 f5 18. Bh1 e5 19. Rxb6 axb6 20. Qxa8 0-0 21. Qa4 e4 22. Bg2 Bxg2 23. Rxg2 c5 24. Qc2 Nc6 25. Nf1 Ra8 26. Rh2 Kg7 27. Nd2 Nd8 28. Ke2 Qa4 29. Qb1 Qxa2 30. Rh1 Qxb1 31. Rxb1 Ra6 32. Rb3 Nf7 33. Nb1 Kf6 34. Na3 Ke7 35. Kd1 Ng5 36. Kd2 Kd7 37. Ke2 h5 38. Kd1 Kc6 39. Ke2 Ra8 40. Kd1 Nf3 41. Ke2 h4 42. gxh4 Nxh4 43. Kd1 Nf3 44. Ke2 Rh8 45. d5+ Kb7 46. Rb1 Rh2 47. Nb5 g3 0-1

[Event "Morava-chT 9900"]
[Site "Czech Republic"]
[Date "2000.??.??"]
[Round "6"]
[White "Mudrak, Josef"]
[Black "Kubala, Martin"]
[Result "0-1"]
[WhiteElo "2304"]
[BlackElo "2288"]
[PlyCount "84"]
[EventDate "1999.??.??"]
[EventType "team-tourn"]
[EventRounds "11"]
[EventCountry "CZE"]
[SourceTitle "EXT 2001"]
[Source "ChessBase"]
[SourceDate "2000.11.22"]
[SourceVersion "1"]
[SourceVersionDate "2000.11.22"]
[SourceQuality "1"]

1. d4 e6 2. e4 d5 3. e5 c5 4. c3 Qb6 5. a3 Nc6 6. Nf3 f6 7. b4 c4 8. a4 Bd7 9. Be2 Nce7 10. Na3 Ng6 11. 0-0 Qc7 12. Re1 0-0-0 13. Bf1 Be7 14. Ra2 h6 15. b5 Kb8 16. Qc2 Nf8 17. Bd2 Be8 18. Qc1 f5 19. g3 g5 20. b6 Qxb6 21. Qa1 Bxa3 22. a5 Qc7 23. Rxa3 Ne7 24. Rb1 Nc8 25. Ra2 Qg7 26. Bc1 f4 27. Ba3 Bg6 28. Rb5 g4 29. Nd2 Nh7 30. Rab2 Rd7 31. gxf4 Qf7 32. Bg2 Bd3 33. Qe1 Qxf4 34. Qe3 Qf5 35. Bd6+ Nxd6 36. exd6 Ng5 37. Qe5 Qxe5 38. dxe5 Rf8 39. Rc5 Nf3+ 40. Kh1 Nxe5 41. Nf1 Rxd6 42. Ne3 a6 0-1

[Event "Ceske Budejovice op"]
[Site "Ceske Budejovice"]
[Date "1999.??.??"]
[Round "1"]
[White "Kubala, Martin"]
[Black "Adamek, Petr"]
[Result "1-0"]
[WhiteElo "2285"]
[BlackElo "2080"]
[PlyCount "75"]
[EventDate "1999.??.??"]
[EventType "swiss"]
[EventRounds "9"]
[EventCountry "CZE"]
[SourceTitle "EXT 2000"]
[Source "ChessBase"]
[SourceDate "1999.11.16"]
[SourceVersion "1"]
[SourceVersionDate "1999.11.16"]
[SourceQuality "1"]

1. d4 Nf6 2. c4 g6 3. Nc3 d5 4. cxd5 Nxd5 5. Na4 Bg7 6. e4 Nb6 7. Be3 0-0 8. Nf3 Nxa4 9. Qxa4 c5 10. Rd1 Qb6 11. Rd2 Bd7 12. Qa3 cxd4 13. Nxd4 Rc8 14. Nb3 Qc7 15. Qxe7 Re8 16. Qc5 Bc6 17. Nd4 Bf8 18. Qc3 Rxe4 19. Bd3 Re8 20. 0-0 Bg7 21. Qc4 Qa5 22. b4 Qd5 23. Nxc6 Qxc6 24. b5 Qf6 25. Be4 Qe7 26. Rfd1 a6 27. a4 axb5 28. axb5 Ra1 29. Bf3 Rxd1+ 30. Rxd1 h5 31. Qd5 b6 32. h3 Qc7 33. Qb7 Be5 34. Bxb6 Qc2 35. Be3 Qb2 36. Bd5 Rf8 37. Rf1 Qc2 38. Bh6 1-0

[Event "Morava-chT 9899"]
[Site "Czech Republic"]
[Date "1999.??.??"]
[Round "7"]
[White "Kubala, Martin"]
[Black "Hrabe, Petr"]
[Result "1-0"]
[WhiteElo "2310"]
[BlackElo "2290"]
[PlyCount "75"]
[EventDate "1998.??.??"]
[EventType "team-tourn"]
[EventRounds "11"]
[EventCountry "CZE"]
[SourceTitle "EXT 2000"]
[Source "ChessBase"]
[SourceDate "1999.11.16"]
[SourceVersion "1"]
[SourceVersionDate "1999.11.16"]
[SourceQuality "1"]

1. d4 e6 2. c4 d5 3. Nc3 c5 4. cxd5 exd5 5. Nf3 Nc6 6. g3 Nf6 7. Bg2 Be7 8. 0-0 0-0 9. Be3 c4 10. Ne5 Qa5 11. Qd2 Bb4 12. Qc2 Ne7 13. a3 Bxc3 14. Qxc3 Qxc3 15. bxc3 Bf5 16. f3 h6 17. g4 Bc2 18. Rac1 Bb3 19. g5 hxg5 20. Bxg5 Rfd8 21. e4 Kf8 22. Rf2 Nd7 23. Nxd7+ Rxd7 24. e5 Ng8 25. Bh3 Rc7 26. f4 b5 27. f5 f6 28. Bf4 Rb7 29. Bg2 Rd8 30. h4 a5 31. Bd2 Nh6 32. exf6 Ng4 33. fxg7+ Rxg7 34. Re2 Re8 35. Rxe8+ Kxe8 36. Re1+ Kd7 37. Bg5 b4 38. f6 1-0

[Event "Morava-chT 9900"]
[Site "Czech Republic"]
[Date "1999.??.??"]
[Round "3"]
[White "Kubala, Martin"]
[Black "Stradej, Vlastimil"]
[Result "1-0"]
[WhiteElo "2288"]
[BlackElo "2195"]
[PlyCount "87"]
[EventDate "1999.??.??"]
[EventType "team-tourn"]
[EventRounds "11"]
[EventCountry "CZE"]
[SourceTitle "EXT 2001"]
[Source "ChessBase"]
[SourceDate "2000.11.22"]
[SourceVersion "1"]
[SourceVersionDate "2000.11.22"]
[SourceQuality "1"]

1. d4 d5 2. c4 c6 3. Nc3 e5 4. e3 exd4 5. exd4 Nf6 6. Bd3 Be7 7. Nge2 0-0 8. 0-0 dxc4 9. Bxc4 Nbd7 10. f3 Nb6 11. Bd3 Be6 12. Ne4 Bc4 13. Bxc4 Nxc4 14. Qb3 Nxe4 15. fxe4 Nb6 16. Rf5 g6 17. Bh6 Bf6 18. Rf2 Bg7 19. Bxg7 Kxg7 20. Raf1 Qe7 21. Ng3 Rad8 22. Qc3 Kg8 23. b3 Qd6 24. Ne2 Rde8 25. Qc2 Qe7 26. Ng3 Rd8 27. Rd1 Qb4 28. Qd3 a5 29. h4 Nd7 30. Qe3 Ne5 31. Rff1 Ng4 32. Qg5 Rxd4 33. Qxg4 a4 34. Qf3 axb3 35. axb3 f5 36. Rxd4 Qxd4+ 37. Qf2 Qb4 38. exf5 Qxb3 39. f6 Qd5 40. Qf4 c5 41. Ne4 b5 42. Ng5 Qd4+ 43. Qxd4 cxd4 44. f7+ 1-0

[Event "Pobeskydy"]
[Site "Frydek Mistek"]
[Date "1998.01.28"]
[Round "8"]
[White "Neuman, Petr"]
[Black "Kubala, Martin"]
[Result "1-0"]
[WhiteElo "2365"]
[BlackElo "2310"]
[PlyCount "45"]
[EventDate "1998.01.21"]
[EventType "tourn"]
[EventRounds "9"]
[EventCountry "CZE"]
[EventCategory "4"]
[SourceTitle "CBM 062 Extra"]
[Source "ChessBase"]
[SourceDate "1998.03.09"]
[SourceVersion "1"]
[SourceVersionDate "1998.03.09"]
[SourceQuality "1"]

1. Nf3 Nf6 2. c4 e6 3. g3 b6 4. Bg2 Bb7 5. 0-0 Be7 6. d4 d6 7. Nc3 Ne4 8. Bd2 Nd7 9. d5 Nxc3 10. Bxc3 Bf6 11. Nd4 Bxd4 12. Qxd4 e5 13. Qd2 0-0 14. e3 f5 15. f4 Qe7 16. e4 fxe4 17. Rae1 exf4 18. Rxe4 Qg5 19. Rexf4 h6 20. Bh3 Rxf4 21. Qxf4 Nf8 22. Qf7+ Kh8 23. Qxf8+ 1-0

[Event "Pobeskydy"]
[Site "Frydek Mistek"]
[Date "1998.01.23"]
[Round "3"]
[White "Obsivac, Josef"]
[Black "Kubala, Martin"]
[Result "1/2-1/2"]
[WhiteElo "2345"]
[BlackElo "2310"]
[PlyCount "127"]
[EventDate "1998.01.21"]
[EventType "tourn"]
[EventRounds "9"]
[EventCountry "CZE"]
[EventCategory "4"]
[SourceTitle "CBM 062 Extra"]
[Source "ChessBase"]
[SourceDate "1998.03.09"]
[SourceVersion "1"]
[SourceVersionDate "1998.03.09"]
[SourceQuality "1"]

1. d4 e6 2. Nf3 Nf6 3. c4 Bb4+ 4. Bd2 Bxd2+ 5. Qxd2 b6 6. g3 Bb7 7. Bg2 d6 8. Nc3 Nbd7 9. 0-0 Ne4 10. Qe3 Nxc3 11. Qxc3 0-0 12. Qe3 Qe7 13. Bh3 c5 14. Rad1 d5 15. cxd5 Bxd5 16. Qa3 Rfd8 17. Bg2 Kf8 18. Rc1 a5 19. dxc5 Rac8 20. Qd3 Rxc5 21. b3 h6 22. Rxc5 Nxc5 23. Qe3 Bxf3 24. Bxf3 Qf6 25. Rb1 Rd4 26. a3 Qd8 27. b4 axb4 28. axb4 Na6 29. Qc3 Rd1+ 30. Rxd1 Qxd1+ 31. Kg2 Qd7 32. Qc4 Nc7 33. Bc6 Qd6 34. h3 Ke7 35. Be4 Nd5 36. b5 Qc5 37. Qd3 Nb4 38. Qa3 Qxb5 39. Qa7+ Kf6 40. Qc7 g6 41. Qc3+ e5 42. Qd2 Kg7 43. Qd6 Qc5 44. Qd7 Qc4 45. Qb7 Qxe2 46. Bxg6 Qc4 47. Be4 Qe6 48. h4 Qf6 49. Kh1 Qd6 50. Qc8 Qd1+ 51. Kg2 Nd5 52. Qf5 Nf6 53. Bc2 Qd4 54. Bb3 Qe4+ 55. Qxe4 Nxe4 56. f3 Nd2 57. Ba4 Kf6 58. Kf2 Ke6 59. Ke2 Nc4 60. Bb3 Kd5 61. Kd3 b5 62. Ba2 f6 63. g4 Kc5 64. Ke4 1/2-1/2